| 000 | 00831nam a22002537a 4500 | ||
|---|---|---|---|
| 999 |
_c15378 _d15378 |
||
| 003 | MIRAKIL | ||
| 005 | 20240214122014.0 | ||
| 008 | 240214b tu ||||| |||| 00| 0 tur d | ||
| 020 | _a9786051809281 | ||
| 040 |
_aTR-AnCHP _cTR-AnCHP |
||
| 041 | _aTürkçe | ||
| 082 |
_a297.23 _bF45k 2019 |
||
| 090 | _a297.23 F45k 2019 | ||
| 100 | _aFındık, Abdulmecit | ||
| 245 | 1 | 0 |
_aKur'an-ı Kerim'deki konular ve ilgili ayetler : _bayetler ışığında islami yaşayış / _cAbdulmecit Fındık. |
| 246 | _aAyetler ışığında islami yaşayış. | ||
| 250 | _a1. bs. | ||
| 260 |
_aAnkara : _bGece Kitaplığı, _c2019. |
||
| 300 |
_a631 s. ; _c24 cm. |
||
| 504 | _aKaynakça vardır. | ||
| 650 | 0 |
_96233 _aDin |
|
| 856 | _zDijital Nüshası için Partimizin Kütüphane Sorumlusu ile iletişime geçiniz. | ||
| 942 |
_2ddc _cBKS |
||